All TF2 Scout Weapons - Statistics

General Stats
  • This quiz has been taken 15 times
  • The average score is 27 of 28
Answer Stats
Weapon Slot Weapon % Correct
Melee Atomizer
100%
Primary Baby Face's Blaster
100%
Primary Back Scatter
100%
Melee Bat
100%
Secondary C.A.P.P.E.R.
100%
Melee Fan O'War
100%
Secondary Flying Guillotine
100%
Primary Force-a-Nature
100%
Secondary Lugermorph
100%
Secondary Mad Milk
100%
Secondary Pistol
100%
Secondary Pretty Boy's Pocket Pistol
100%
Primary Scattergun
100%
Primary Shortstop
100%
Primary Soda-Popper
100%
Secondary Winger
100%
Melee Wrap Assassin
100%
Melee Batsaber
90%
Secondary Bonk! Atomic Punch
90%
Melee Boston Basher
90%
Secondary Crit-a-Cola
90%
Melee Holy Mackerel
90%
Melee Sandman
90%
Melee Sun-on-a-Stick
90%
Melee Candy Cane
80%
Secondary Mutated Milk
80%
Melee Three-Rune Blade
80%
Melee Unarmed Combat
80%
No matching quizzes found
Score Distribution
Percent of People with Each Score
Percentile by Number Answered
Your Score History
You have not taken this quiz